01307 a2200193 45000010006000000050017000060080041000230030015000640400040000790800134001192450094002530200022003472640034003693000019004035050553004221000022009757000017009978560099010144773320260407155743.0260407a2010 arg spa dAR-UNSa-BCEJYS aAR-UNSa-BCEJYSbspacAR-UNSa-BCEJYS a338.2(82)xPolítica económica. Control de la economía. Gestión de la economía. Planificación económica en Argentina10aEl ciclo de la ilusión y el desencantopun siglo de políticas económicas argentinas a978-950-04-2893-4 1aBuenos Aires :bEmecéc2010 a527 p.c23 cm. a1. La generación del progreso (1880-1914) - 2. Últimas imágenes de un modelo (1914-1929) - 3. La política económica en tiempos de crisis (1929-1940) - 4. Ascenso y apogeo peronista (1940-1949) - 5. Del paraíso peronista a la crisis del desarrollo (1949-1958) - 6. El impulso desarrollista (1958-1963) - 7. Una primavera económica (1963-1973) - 8. Vértigo económico en tiempos violentos (1973-1983) - 9. La democracia y el difícil gobierno de la economía (1983-1989) - 10. Grandes expectativas, grandes decepciones (1989-2001).1 aGerchunoff, Pablo1 aLlach, Lucas41uhttps://www.biblioeco.unsa.edu.ar/pmb/images/libros/L127650.jpgyImagen de portadaqimage/jpeg